000 00477nam a2200193Ia 4500
003 GCL
008 140319s9999 xx 000 0 ara d
040 _aGCL /
_cGCL
082 0 4 _aط
_b500.1
_bت م
100 1 _aتبلور، كيم
245 1 0 _aالمعرفة /
_cتبلور، كيم
300 _aمتعدد
490 _a
650 0 4 _aالعلوم
650 0 4 _aالحشرات
650 0 4 _aالاسماك
650 0 4 _aعوامل التعرية
942 _2ddc
_cBK
999 _c45111
_d45111